|
|
|
|
| LEADER |
01103nam a2200289 i 4500 |
| 001 |
1884 |
| 003 |
BD-DhAAL |
| 005 |
20130901111537.0 |
| 008 |
130901s1973 bg b 001 0 eng d |
| 010 |
|
|
|a 74902361
|
| 040 |
|
|
|a DLC
|c DLC
|d DLC
|d BD-DhAAL
|
| 050 |
0 |
0 |
|a PN5378.B5
|b N8
|
| 082 |
0 |
0 |
|a 301.45/29/7105414
|
| 100 |
2 |
|
|a Nurul Islam, Mustafa,
|d 1927-
|9 2849
|
| 245 |
1 |
0 |
|a Bengali Muslim public opinion as reflected in the Bangali press, 1901-1930 /
|c Mustafa Nurul Islam.
|
| 250 |
|
|
|a 1st ed.
|
| 260 |
|
|
|a Dacca :
|b Bangla Academy,
|c 1973.
|
| 300 |
|
|
|a 341 p. ;
|c 22 cm.
|
| 500 |
|
|
|a "Based on research that was undertaken at the University of London for the degree of doctor of philosophy."
|
| 500 |
|
|
|a Tk25.00
|
| 504 |
|
|
|a Includes index and bibliography (p. [326]-334).
|
| 541 |
|
|
|e 1884
|
| 650 |
|
0 |
|a Islamic press
|z Bengal.
|9 2850
|
| 650 |
|
0 |
|a Muslims
|z Bengal.
|9 2851
|
| 942 |
|
|
|2 ddc
|c BK
|
| 999 |
|
|
|c 13907
|d 13907
|
| 952 |
|
|
|0 0
|1 0
|2 ddc
|4 0
|6 301_452971054140000_NUR
|7 0
|9 23278
|a BRACUL
|b BRACUL
|c GEN
|d 2013-09-01
|g 25.00
|l 1
|o 301.45297105414 NUR
|p 3010001884
|r 2014-10-01
|s 2014-06-04
|t 1
|w 2013-09-01
|y BK
|